000 00225 a2200097 4500
001 44164
100 _aBriffdult R
245 _aThe making of humanity
260 _aLahore
_bIslamic book foundation
_c
090 _c27905
_d27905
942 _aNUST-CAE
_cM
_c19897
999 _c279237
_d279237